| 000 | 00418nam a2200205Ia 4500 | ||
|---|---|---|---|
| 001 | 13212 | ||
| 003 | GE_BSU | ||
| 008 | 181216s||||||||xx |||||||||||||| ||und|| | ||
| 020 | _a0340364777 | ||
| 040 | _cGE_BSU | ||
| 080 | _a821.111-3 | ||
| 100 | _aKing,Stephen. | ||
| 245 | _aIt. | ||
| 260 | _aLondon. | ||
| 260 | _bHodder & Stoughton. | ||
| 260 | _c1986 | ||
| 300 | _a912p;24cm. | ||
| 653 | _aIt. | ||
| 942 | _cBK | ||
| 999 |
_c46376 _d46376 |
||